000 00404nam a2200133Ia 4500
008 151001s9999||||xx |||||||||||||| ||und||
100 _aनयनतारा देसाई
245 _aप्रतापी प्रकाशं अंधारला
250 _a1
260 _bविभासा पुस्तक महाल
260 _c2010
300 _a184
365 _b21
999 _c996227
_d996224